Το πορτρέτο : η εκδίκηση είναι τέχνη
Αποθηκεύτηκε σε:
| Κύριος συγγραφέας: | |
|---|---|
| Μορφή: | Βιβλίο |
| Γλώσσα: | Greek English |
| Δημοσίευση: |
Αθήνα :
Άγρα,
c2007.
|
| Θέματα: | |
| Ετικέτες: |
Προσθήκη ετικέτας
Δεν υπάρχουν, Καταχωρήστε ετικέτα πρώτοι!
|
MARC
| LEADER | 00000cam a2200000 a 4500 | ||
|---|---|---|---|
| 001 | 1/125237 | ||
| 008 | 220721s2007####gr | ||| |||| ||gre|| | ||
| 020 | |a 9789603256977 | ||
| 040 | |a GR-MyUa |b gre |c GR-MyUa |e AACR2 | ||
| 041 | 1 | |a gre |h eng | |
| 082 | 7 | |a 823 |2 (23) | |
| 100 | 1 | |a Pears, Iain. | |
| 245 | 1 | 3 | |a Το πορτρέτο : |b η εκδίκηση είναι τέχνη / |c Iain Pears ; μετάφραση Παλμύρα Ισμυρίδου. |
| 260 | |a Αθήνα : |b Άγρα, |c c2007. | ||
| 300 | |a 219 σ. ; |c 21 εκ. | ||
| 500 | |a Τίτλος πρωτοτύπου: The portrait : vengeance is an art. | ||
| 650 | 0 | |a English fiction. | |
| 852 | |a INST |b SYROS |e 20220720 |h 823 PEA |p 005500015717 |q 005500015717 |t BK |y 0 | ||
| 970 | |a Κοντού |b Παρασκευή |z 21/07/2022 | ||